| 000 | 01481nam a2200373Ia 4500 | ||
|---|---|---|---|
| 020 | _a0673575284 (teacher's edition, book 1) | ||
| 020 | _a0673575292 (teacher's edition, book 2) | ||
| 020 | _a0673575306 (teacher's edition, book 3) | ||
| 020 | _a0673575314 (teacher's edition, book 4) | ||
| 020 | _a0673575322 (teacher's edition, book 5) | ||
| 020 | _a0673575330 (teacher's edition, book 6) | ||
| 020 | _a0673575349 (teacher's edition, book 7) | ||
| 020 | _a0673575357 (teacher's edition, book 8) | ||
| 020 | _a0673601358 (grade 1, consumable) | ||
| 020 | _a067360148X (grade 2) | ||
| 020 | _a0673601498 (grade 3) | ||
| 020 | _a0673601501 (grade 4) | ||
| 020 | _a067360151X (grade 5) | ||
| 020 | _a0673601528 (grade 6) | ||
| 020 | _a0673601536 (grade 7) | ||
| 020 | _a0673601544 (grade 8) | ||
| 040 | _cUIU | ||
| 082 | _a372 SCO 2000 A065 Or. | ||
| 100 | 1 | _aBeers, James W., | |
| 245 | 1 | 0 | _aEveryday spelling / |
| 246 | 1 | 4 |
_aScott Foresman-Addison Wesley everyday spelling : _bvocabulary, writing |
| 260 |
_aGlenview, Ill. : _bScott Foresman Addison Wesley, _cc2000 |
||
| 300 |
_av. : _bcol. ill. ; _c28 cm. + _eteacher's edition + student text, D'Nealian edition + charts + CD-ROM + software + transparencies + audiotapes + lesson plans + forms + tests + manipulatives + workbooks + mini books + practice masters |
||
| 650 | 0 | _aSpellers | |
| 650 | 0 | _aEnglish language | |
| 700 | 1 | _aCramer, Ronald L | |
| 700 | 1 | _aHammond, W. Dorsey | |
| 942 | _cEK | ||
| 999 |
_c14205 _d14205 |
||